Motion - Luke Hemmings (All Lyrics) - Statistics

General Stats
  • This quiz has been taken 35 times
  • The average score is 151 of 203
Answer Stats
Motion % Correct
a
100%
I
100%
in
100%
motion
100%
the
100%
You
100%
you
100%
your
100%
you're
100%
go
93%
gonna
93%
know
93%
mind
93%
running
93%
Who
93%
all
86%
Chorus All
86%
find?
86%
i'm
86%
I'm
86%
lost
86%
slips
86%
and
79%
by
79%
Can't
79%
just
79%
Time
79%
to
79%
for
71%
I'll
71%
inside
71%
it
71%
never
71%
of
71%
that
71%
This
71%
this
71%
until
71%
want
71%
be
64%
every
64%
it's
64%
live
64%
me
64%
my
64%
My
64%
paint
64%
some
64%
things
64%
are
57%
call
57%
gone
57%
is
57%
miracle
57%
neighborhood
57%
Searching
57%
sky?
57%
There's
57%
These
57%
walk
57%
Verse 1 With
57%
comedown
50%
desires
50%
good
50%
made
50%
Took
50%
alone
43%
eyes
43%
feel
43%
leave
43%
lying
43%
nowhere
43%
sculptors
43%
spin
43%
they
43%
trying
43%
up
43%
within
43%
words
43%
arrogance
36%
makeup
36%
own
36%
silence
36%
somewhere
36%
sundown
36%
Outro Will
36%
ain't
29%
away
29%
Float
29%
hands
29%
hiding
29%
simple
29%
strangers
29%
enough?
21%
No matching quizzes found
Score Distribution
Percent of People with Each Score
Percentile by Number Answered
Your Score History
You have not taken this quiz